Detalles MARC
| 000 -LIDER |
| fixed length control field |
00946nam a22003137a 4500 |
| 001 - NÚMERO DE CONTROL |
| Identificador de número de control |
009 |
| 003 - IDENTIFICACDOR DE NÚMERO DE CONTROL |
| control field |
DO-SdBNP |
| 005 - DATE AND TIME OF LATEST TRANSACTION |
| control field |
20171110115836.0 |
| 007 - CAMPOS FIJOS DE DESCRIPCIÓN FÍSICA |
| fixed length control field |
009 |
| 008 - ELEMENTOS DE LONGITUD FIJA |
| fixed length control field |
150918b2011 sp xxu||||| |||| 00| 0 spa d |
| 020 ## - ISBN |
| International Standard Book Number |
9789962040187 |
| 040 ## - FUENTE DE CATALOGACIÓN |
| Enlace |
BPMSU |
| Campo enlazado y núm. de secuencia |
spa |
| Agencia que crea de manera original el registro |
BPMSU |
| Agencia que realiza la transcripción |
. |
| 082 ## - NÚMERO DE CLASIFICACIÓN DECIMAL DE DEWEY |
| Classification number |
641.8 |
| Item number |
C355p |
| 100 1# - ASIENTO PRINCIPAL -- NOMBRE PERSONAL |
| Nombre personal |
Castro O'Sullivan, Oscar |
| 245 10 - MENCIÓN DE TITULO |
| Título |
Pasión y sabor : |
| Subtítulo |
cocinando con Oscar Castro O'Sullivan / |
| Mención de responsabilidad |
Oscar Castro O'Sullivan ; prólogo Edgar A. Silva Loáiciga |
| 260 ## - PUBLICACIÓN, DISTRIBUCIÓN, ETC. (PIE DE IMPRENTA) |
| Lugar de publicación, distribución, etc |
Madrid, España : |
| Nombre del editor, distribuidor, etc. |
Lexus, |
| Fecha de publicación, distribución, etc |
2011 |
| 300 ## - DESCRIPCIÓN FÍSICA |
| Extensión |
252 p. : |
| Otros detalles físicos |
il.; |
| Dimensiones |
32 cm. |
| 650 #4 - ENCABEZAMIENTO DE MATERIA--TEMÁTICO |
| Término temático o nombre geográfico como elemento de entrada |
COCINA |
| 650 #4 - ENCABEZAMIENTO DE MATERIA--TEMÁTICO |
| Término temático o nombre geográfico como elemento de entrada |
GASTRONOMIA |
| 650 #4 - ENCABEZAMIENTO DE MATERIA--TEMÁTICO |
| Término temático o nombre geográfico como elemento de entrada |
COMIDAS Y BANQUETES |
| 650 #4 - ENCABEZAMIENTO DE MATERIA--TEMÁTICO |
| Término temático o nombre geográfico como elemento de entrada |
POSTRES |
| 650 #4 - ENCABEZAMIENTO DE MATERIA--TEMÁTICO |
| Término temático o nombre geográfico como elemento de entrada |
APERITIVOS |
| 650 #4 - ENCABEZAMIENTO DE MATERIA--TEMÁTICO |
| Término temático o nombre geográfico como elemento de entrada |
PREPARACIÓN DE ALIMENTOS |
| 700 ## - ASIENTO SECUNDARIO -- NOMBRE PERSONAL |
| Nombre personal |
Silva Loáiciga, Edgar A., |
| Mención de responsabilidad |
pról. |
| 910 ## - VALIDACIÓN |
| Validación |
Validado. Control de calidad MFF |
| 942 ## - ADDED ENTRY ELEMENTS (KOHA) |
| Source of classification or shelving scheme |
Dewey Decimal Classification |
| Koha item type |
Libros |
| 945 ## - INFORMACIÓN DE PROCESAMIENTO LOCAL |
| Información de procesamiento local |
Inventariado, 2017/MFF |
| 956 ## - LOCAL ELECTRONIC LOCATION AND ACCESS (OCLC) |
| Método de acceso |
VMATEO |
| Materiales especificados |
10 |
| Enlace |
20160313 |
| Campo enlazado y núm. de secuencia |
BPMSU |
| Nombre de host |
00151 |